[Event "Oberliga Nord N 2122"]
[Site "Germany"]
[Date "2022.05.15"]
[Round "4.3"]
[White "Reinecker, Kai"]
[Black "Borgmeyer, Max"]
[Result "1/2-1/2"]
[WhiteElo "2271"]
[BlackElo "2187"]
[PlyCount "53"]
[EventDate "2021.10.31"]
[EventType "team-tourn"]
[EventRounds "9"]
[EventCountry "GER"]
[SourceTitle "EXT 2023"]
[Source "ChessBase"]
[SourceDate "2022.10.05"]
[SourceVersion "1"]
[SourceVersionDate "2022.10.05"]
[SourceQuality "1"]
[WhiteTeam "Preetz"]
[BlackTeam "Hamburg Koenigsspringer"]
[WhiteTeamCountry "GER"]
[BlackTeamCountry "GER"]

1. e4 c5 2. c3 Nf6 3. e5 Nd5 4. d4 cxd4 5. Nf3 Nc6 6. cxd4 d6 7. Bc4 Nb6 8. Bb5 dxe5 9. Nxe5 Bd7 10. Nxd7 Qxd7 11. 0-0 a6 12. Bxc6 Qxc6 13. Nc3 e6 14. Re1 Nd5 15. Qf3 Nxc3 16. Qxc6+ bxc6 17. bxc3 Bd6 18. Rb1 Rb8 19. Rxb8+ Bxb8 20. Ba3 Kd7 21. Rb1 Bc7 22. Kf1 Rb8 23. Rxb8 Bxb8 24. Ke2 Bd6 25. Bxd6 Kxd6 26. Kd3 Kd5 27. f4 1/2-1/2

[Event "Oberliga Nord N 2122"]
[Site "Germany"]
[Date "2022.04.03"]
[Round "8.5"]
[White "Borgmeyer, Max"]
[Black "Rittemann, Steffen"]
[Result "1-0"]
[WhiteElo "2187"]
[BlackElo "2154"]
[PlyCount "149"]
[EventDate "2021.10.31"]
[EventType "team-tourn"]
[EventRounds "9"]
[EventCountry "GER"]
[SourceTitle "EXT 2023"]
[Source "ChessBase"]
[SourceDate "2022.10.05"]
[SourceVersion "1"]
[SourceVersionDate "2022.10.05"]
[SourceQuality "1"]
[WhiteTeam "Hamburg Koenigsspringer"]
[BlackTeam "Schwerin"]
[WhiteTeamCountry "GER"]
[BlackTeamCountry "GER"]

1. e4 c5 2. Nf3 d6 3. d4 cxd4 4. Nxd4 Nf6 5. Nc3 a6 6. Be3 e5 7. Nb3 Be6 8. f3 Be7 9. Qd2 0-0 10. 0-0-0 a5 11. Kb1 a4 12. Nc1 a3 13. b3 Na6 14. g4 Nb4 15. g5 Nh5 16. Nd5 Nxd5 17. exd5 Bf5 18. Bd3 Qd7 19. Ne2 Bxd3 20. Qxd3 Qh3 21. Bc1 f5 22. f4 Qxd3 23. Rxd3 Rfc8 24. fxe5 dxe5 25. d6 Bd8 26. Rd5 Ra5 27. Rxa5 Bxa5 28. Bxa3 Kf7 29. c4 Ke6 30. c5 f4 31. b4 Bd8 32. Nc3 Bxg5 33. Ne4 Bh4 34. b5 Nf6 35. Nxf6 Bxf6 36. Kc2 e4 37. Re1 Kf5 38. d7 Ra8 39. Bc1 f3 40. Kb3 g5 41. c6 bxc6 42. bxc6 Bd8 43. Be3 Ke6 44. Rd1 h6 45. Rd4 Ra6 46. c7 Bxc7 47. d8Q Rb6+ 48. Kc2 Rc6+ 49. Kb2 Rb6+ 50. Kc2 Bxd8 51. Rxd8 Ra6 52. Kb3 Kf5 53. h3 Rf6 54. a4 g4 55. hxg4+ Kxg4 56. Rg8+ Kh3 57. Bf2 h5 58. a5 Rd6 59. Bc5 e3 60. Bxd6 f2 61. Rg3+ Kh4 62. Rf3 Kg4 63. Rf4+ Kg5 64. a6 e2 65. a7 f1Q 66. a8Q Qd1+ 67. Kc4 Qc2+ 68. Kb5 Qb3+ 69. Kc5 Qc3+ 70. Rc4 Qe3+ 71. Kb5 Qb3+ 72. Bb4 e1Q 73. Qd5+ Kf6 74. Rc6+ Qe6 75. Rxe6+ 1-0

[Event "Oberliga Nord N 1920"]
[Site "Germany"]
[Date "2020.03.01"]
[Round "7.5"]
[White "Borgmeyer, Max"]
[Black "Junge, Kai"]
[Result "1/2-1/2"]
[WhiteElo "2182"]
[BlackElo "2184"]
[PlyCount "120"]
[EventDate "2019.09.29"]
[EventType "team-tourn"]
[EventRounds "9"]
[EventCountry "GER"]
[SourceTitle "CBM 195 Extra"]
[Source "ChessBase"]
[SourceDate "2020.05.31"]
[SourceVersion "1"]
[SourceVersionDate "2020.05.31"]
[SourceQuality "1"]

1. e4 Nf6 2. e5 Nd5 3. c4 Nb6 4. d4 d6 5. exd6 cxd6 6. Be3 g6 7. Bd3 Bg7 8. Ne2 0-0 9. Nd2 Nc6 10. a3 e5 11. d5 Ne7 12. Qb3 Bf5 13. Bxb6 Qxb6 14. Qxb6 axb6 15. Bxf5 Nxf5 16. 0-0 Rfc8 17. Nc3 Bh6 18. Nce4 Nd4 19. Rad1 Rd8 20. Nf6+ Kg7 21. Ng4 Bg5 22. Ne3 Rdc8 23. g3 f5 24. h4 Be7 25. Kg2 Bf6 26. Rh1 h5 27. Rb1 e4 28. Rhd1 Re8 29. Kh3 Be5 30. Ndf1 Kf6 31. Ng2 Rec8 32. Nfe3 Nb3 33. Ne1 f4 34. gxf4 Bxf4 35. N1c2 Ke5 36. Rg1 Rg8 37. Ng2 Nd2 38. Rbd1 Nf3 39. Rgf1 Raf8 40. Nce1 g5 41. Nxf3+ exf3 42. Rfe1+ Kf5 43. Nxf4 Kxf4 44. Rd4+ Kf5 45. hxg5 Rxg5 46. Ree4 Kg6 47. Re6+ Kh7 48. Rxd6 Rg1 49. Re4 Rf7 50. Re5 Rh1+ 51. Kg3 Rg1+ 52. Kh2 Rg2+ 53. Kh3 Rxf2 54. Rxh5+ Kg7 55. Rdh6 Rxb2 56. Rh7+ Kf8 57. Rxf7+ Kxf7 58. Rf5+ Ke7 59. Rxf3 Rc2 60. Rf4 Rc3+ 1/2-1/2

[Event "Oberliga Nord N 1819"]
[Site "Germany"]
[Date "2019.03.24"]
[Round "8.4"]
[White "De Jong, Migchiel"]
[Black "Borgmeyer, Max"]
[Result "1-0"]
[WhiteElo "2315"]
[BlackElo "2202"]
[PlyCount "89"]
[EventDate "2018.10.21"]
[EventType "team-tourn"]
[EventRounds "9"]
[EventCountry "GER"]
[SourceTitle "EXT 2020"]
[Source "ChessBase"]
[SourceDate "2019.10.17"]
[SourceVersion "1"]
[SourceVersionDate "2019.10.17"]
[SourceQuality "1"]
[WhiteTeam "Schwerin SF"]
[BlackTeam "Hamburg Koenigsspringer"]
[WhiteTeamCountry "GER"]
[BlackTeamCountry "GER"]

1. e4 c5 2. Nf3 d6 3. Bb5+ Nd7 4. 0-0 a6 5. Bxd7+ Bxd7 6. d4 cxd4 7. Qxd4 e5 8. Qd3 h6 9. Nc3 Nf6 10. a4 Be7 11. Nd2 Be6 12. Nc4 Qc7 13. Ne3 Qc6 14. Ncd5 Bxd5 15. exd5 Qc5 16. c4 g6 17. a5 Nd7 18. Bd2 Rc8 19. b4 Qd4 20. Qe2 f5 21. Rfc1 Qh4 22. g3 Qh3 23. f3 0-0 24. Qg2 Qh5 25. Ra3 f4 26. g4 Qg5 27. Nd1 e4 28. fxe4 Ne5 29. Rac3 Qxg4 30. Qxg4 Nxg4 31. Nf2 Ne5 32. c5 dxc5 33. bxc5 g5 34. d6 Bd8 35. Rb3 g4 36. Kh1 Rf7 37. Nd3 Nf3 38. Bxf4 Bxa5 39. Rcb1 Ne1 40. Nxe1 Rxf4 41. Nd3 Rxe4 42. Rxb7 Rd4 43. d7 Rf8 44. Ne5 Re4 45. Nc6 1-0

[Event "Oberliga Nord N 1617"]
[Site "Germany"]
[Date "2017.02.19"]
[Round "6.3"]
[White "Riess, Alexander"]
[Black "Borgmeyer, Max"]
[Result "1/2-1/2"]
[WhiteElo "2173"]
[BlackElo "2218"]
[PlyCount "42"]
[EventDate "2016.10.16"]
[EventType "team-tourn"]
[EventRounds "9"]
[EventCountry "GER"]
[SourceTitle "EXT 2018"]
[Source "ChessBase"]
[SourceDate "2017.10.13"]
[SourceVersion "1"]
[SourceVersionDate "2017.10.13"]
[SourceQuality "1"]
[WhiteTeam "Luebeck"]
[BlackTeam "Hamburg Koenigsspringer"]
[WhiteTeamCountry "GER"]
[BlackTeamCountry "GER"]

1. d4 Nf6 2. c4 e6 3. Nc3 Bb4 4. Qc2 d5 5. cxd5 exd5 6. Bg5 h6 7. Bh4 c5 8. dxc5 g5 9. Bg3 Ne4 10. e3 Nc6 11. Bd3 Bxc3+ 12. bxc3 Nxc5 13. Ne2 Be6 14. 0-0 h5 15. Bb5 0-0 16. c4 Nb4 17. Qc3 a5 18. f3 dxc4 19. Bxc4 Na4 20. Qb3 Nc5 21. Qc3 Na4 1/2-1/2

[Event "Oberliga Nord N 1516"]
[Site "Germany"]
[Date "2016.03.13"]
[Round "8.6"]
[White "Porth, Hartmut"]
[Black "Borgmeyer, Max"]
[Result "1/2-1/2"]
[WhiteElo "2038"]
[BlackElo "2214"]
[PlyCount "132"]
[EventDate "2015.09.20"]
[EventType "team-tourn"]
[EventRounds "9"]
[EventCountry "GER"]
[SourceTitle "EXT 2017"]
[Source "ChessBase"]
[SourceDate "2016.10.25"]
[SourceVersion "1"]
[SourceVersionDate "2016.10.25"]
[SourceQuality "1"]
[WhiteTeam "Bargteheide"]
[BlackTeam "Hamburg Koenigsspringer"]
[WhiteTeamCountry "GER"]
[BlackTeamCountry "GER"]

1. e4 c5 2. d3 Nc6 3. f4 g6 4. Nf3 Bg7 5. c3 d5 6. Be2 dxe4 7. dxe4 Qxd1+ 8. Bxd1 Nf6 9. e5 Nd5 10. Bb3 Nc7 11. Be3 b6 12. Nbd2 0-0 13. 0-0-0 Na5 14. Bc2 Nd5 15. Rhe1 Bb7 16. g3 Rad8 17. a3 Nc7 18. Be4 Bd5 19. Bxd5 Rxd5 20. Ne4 f6 21. exf6 exf6 22. Rxd5 Nxd5 23. Kc2 Re8 24. Bc1 Kf8 25. f5 gxf5 26. Nd6 Rxe1 27. Nxe1 f4 28. Bxf4 Nxf4 29. gxf4 Nc6 30. Kd3 Ke7 31. Nf5+ Kf7 32. Ke4 Bf8 33. Nc2 Ke6 34. Nce3 Na5 35. b4 cxb4 36. Nd4+ Kd7 37. axb4 Nb7 38. Nc4 Nd8 39. Kd5 Bh6 40. f5 Bf4 41. h3 Bg3 42. b5 Be1 43. Nc6 Nb7 44. Nxa7 Kc7 45. Nc6 Bxc3 46. Ke6 Nc5+ 47. Kf7 Ne4 48. Kg7 h5 49. Ne7 Bd4 50. Nd5+ Kb7 51. Kg6 h4 52. Kh5 Bf2 53. Kg4 Bg3 54. Kf3 Ng5+ 55. Kg2 Ne4 56. Ndxb6 Nc3 57. Nd7 Nxb5 58. Nxf6 Nd4 59. Ne3 Kc6 60. Nfg4 Kd6 61. f6 Ke6 62. Nf1 Bc7 63. Nd2 Ne2 64. Ne4 Nf4+ 65. Kf3 Nxh3 66. Nh6 Ng5+ 1/2-1/2

[Event "Oberliga Nord N 1516"]
[Site "Germany"]
[Date "2015.12.13"]
[Round "4.6"]
[White "Gottuk, Stefan"]
[Black "Borgmeyer, Max"]
[Result "0-1"]
[WhiteElo "2178"]
[BlackElo "2192"]
[PlyCount "110"]
[EventDate "2015.09.20"]
[EventType "team-tourn"]
[EventRounds "9"]
[EventCountry "GER"]
[SourceTitle "CBM 170 Extra"]
[Source "ChessBase"]
[SourceDate "2016.02.25"]
[SourceVersion "1"]
[SourceVersionDate "2016.02.25"]
[SourceQuality "1"]
[WhiteTeam "Hamburg Diogenes"]
[BlackTeam "Hamburg Koenigsspringer"]
[WhiteTeamCountry "GER"]
[BlackTeamCountry "GER"]

1. e4 c5 2. c3 Nf6 3. e5 Nd5 4. Nf3 d6 5. d4 cxd4 6. cxd4 Nc6 7. Bc4 Nb6 8. Bb5 dxe5 9. Nxe5 Bd7 10. Nxd7 Qxd7 11. Nc3 e6 12. 0-0 a6 13. Bxc6 bxc6 14. Qg4 Nd5 15. Rd1 g6 16. Qh4 Bg7 17. Ne4 h5 18. Bg5 0-0 19. Bf6 Nxf6 20. Nxf6+ Bxf6 21. Qxf6 Rab8 22. b3 Rb5 23. h3 Rd5 24. Rdc1 Rd8 25. Qf3 Rf5 26. Qe2 a5 27. Rc4 Rd5 28. Rac1 Rxd4 29. Rxc6 Rd1+ 30. Kh2 Rd2 31. Qf3 Rxa2 32. Rc7 Qd6+ 33. g3 Rd7 34. Rc8+ Kg7 35. h4 Qd3 36. R8c3 Qd2 37. Kg2 Rd5 38. Qe3 Qxe3 39. Rxe3 Rf5 40. Rf1 Kf6 41. Re4 Rb2 42. Re3 e5 43. Rc3 e4 44. Kg1 Rf3 45. Rc5 Ra2 46. Rc4 Kf5 47. b4 a4 48. b5 a3 49. Rb4 Rb2 50. Rb1 Rfxf2 51. b6 Rxb1+ 52. Rxb1 Rb2 53. Ra1 Rxb6 54. Rxa3 Kg4 55. Re3 f5 0-1

[Event "Hamburg St Pauli op-A"]
[Site "Hamburg"]
[Date "2015.07.18"]
[Round "1"]
[White "Schulz, Hans Juergen"]
[Black "Borgmeyer, Max"]
[Result "0-1"]
[WhiteElo "1912"]
[BlackElo "2155"]
[PlyCount "51"]
[EventDate "2015.07.18"]
[EventType "swiss"]
[EventRounds "9"]
[EventCountry "GER"]
[SourceTitle "EXT 2016"]
[Source "ChessBase"]
[SourceDate "2015.10.08"]
[SourceVersion "1"]
[SourceVersionDate "2015.10.08"]
[SourceQuality "1"]

1. e4 c5 2. b4 cxb4 3. Bb2 Nc6 4. d4 d5 5. exd5 Qxd5 6. c4 Qe4+ 7. Be2 e5 8. Nf3 exd4 9. 0-0 Be6 10. Re1 0-0-0 11. Bd3 Qf4 12. Bc1 Qc7 13. a3 Nf6 14. Nbd2 Bd6 15. Qc2 Rhe8 16. c5 Bf4 17. g3 Bxd2 18. Bxd2 b3 19. Qb2 Bg4 20. Bf4 Qa5 21. Nd2 Nd7 22. Bd6 Qc3 23. Qxb3 Rxe1+ 24. Rxe1 Qxd2 25. Rb1 Na5 26. Qb5 0-1

[Event "Leipzig VfB op 22nd"]
[Site "Leipzig"]
[Date "2015.03.05"]
[Round "5"]
[White "Hiemer, Bernd"]
[Black "Borgmeyer, Max"]
[Result "0-1"]
[WhiteElo "2024"]
[BlackElo "2126"]
[PlyCount "48"]
[EventDate "2015.03.03"]
[EventType "swiss"]
[EventRounds "9"]
[EventCountry "GER"]
[SourceTitle "EXT 2016"]
[Source "ChessBase"]
[SourceDate "2015.10.08"]
[SourceVersion "1"]
[SourceVersionDate "2015.10.08"]
[SourceQuality "1"]

1. e4 c5 2. Nc3 Nc6 3. g3 g6 4. Bg2 Bg7 5. d3 e6 6. Be3 b6 7. Qd2 Nge7 8. f4 d5 9. Nd1 0-0 10. Nf3 dxe4 11. dxe4 Ba6 12. c3 Qc7 13. Nf2 Rad8 14. Qc2 e5 15. Qa4 Qb7 16. Bf1 Bxf1 17. Kxf1 Kh8 18. h4 f5 19. Ng5 fxe4 20. h5 Nf5 21. Nfxe4 Nxe3+ 22. Ke2 Qd7 23. Kxe3 exf4+ 24. gxf4 Qd3+ 0-1

[Event "Oberliga Nord N 1213"]
[Site "Germany"]
[Date "2013.04.14"]
[Round "9.7"]
[White "Hermann, Matthias"]
[Black "Borgmeyer, Max"]
[Result "0-1"]
[WhiteElo "2217"]
[BlackElo "2111"]
[PlyCount "66"]
[EventDate "2012.10.14"]
[EventType "team-tourn"]
[EventRounds "9"]
[EventCountry "GER"]
[SourceTitle "EXT 2015"]
[Source "ChessBase"]
[SourceDate "2014.11.20"]
[SourceVersion "1"]
[SourceVersionDate "2014.11.20"]
[SourceQuality "1"]
[WhiteTeam "Hamburg Schachfreunde"]
[BlackTeam "Koenigsspringer"]
[WhiteTeamCountry "GER"]
[BlackTeamCountry "GER"]

1. Nc3 c5 2. Nf3 d6 3. e3 Nf6 4. d4 Qc7 5. Nb5 Qd7 6. dxc5 a6 7. Na3 dxc5 8. Bd2 b5 9. Ne5 Qc7 10. f4 Nbd7 11. Nf3 Bb7 12. Be2 Ne4 13. 0-0 g6 14. Qe1 Nxd2 15. Qxd2 Bg7 16. c3 0-0 17. Rad1 Nf6 18. Qe1 Qa5 19. Ne5 b4 20. Nac4 Qxa2 21. cxb4 cxb4 22. Nb6 Ra7 23. Nec4 Ne4 24. Rd7 Nd6 25. Rxe7 Nxc4 26. Nxc4 Bf3 27. Bxf3 Rxe7 28. Bd5 Rd7 29. Qd1 Rfd8 30. Bxf7+ Kxf7 31. Ne5+ Bxe5 32. fxe5+ Kg8 33. Qg4 Rf7 0-1

[Event "Oberliga Nord N 1213"]
[Site "Germany"]
[Date "2013.01.13"]
[Round "5.7"]
[White "Bente, Bjoern"]
[Black "Borgmeyer, Max"]
[Result "1/2-1/2"]
[WhiteElo "2205"]
[BlackElo "2111"]
[PlyCount "44"]
[EventDate "2012.10.14"]
[EventType "team-tourn"]
[EventRounds "9"]
[EventCountry "GER"]
[SourceTitle "EXT 2015"]
[Source "ChessBase"]
[SourceDate "2014.11.20"]
[SourceVersion "1"]
[SourceVersionDate "2014.11.20"]
[SourceQuality "1"]
[WhiteTeam "Hamburger SK III"]
[BlackTeam "Koenigsspringer"]
[WhiteTeamCountry "GER"]
[BlackTeamCountry "GER"]

1. e4 c5 2. d4 cxd4 3. c3 Nf6 4. e5 Nd5 5. Nf3 d6 6. Bc4 Nb6 7. Bb3 e6 8. cxd4 dxe5 9. Nxe5 Bb4+ 10. Nc3 0-0 11. 0-0 Nc6 12. Be3 Nd5 13. Nxd5 exd5 14. Nd3 Bd6 15. Qf3 Qh4 16. g3 Nxd4 17. Qxd5 Ne2+ 18. Kh1 Bxg3 19. fxg3 Nxg3+ 20. Kg1 Ne2+ 21. Kh1 Ng3+ 22. Kg1 Ne2+ 1/2-1/2

[Event "GER-chT U20"]
[Site "Osnabrueck"]
[Date "2012.12.29"]
[Round "5.1"]
[White "Borgmeyer, Max"]
[Black "Zimmermann, Ulrich"]
[Result "0-1"]
[WhiteElo "2066"]
[BlackElo "2224"]
[PlyCount "80"]
[EventDate "2012.12.27"]
[EventType "team-swiss"]
[EventRounds "7"]
[EventCountry "GER"]
[SourceTitle "EXT 2014"]
[Source "ChessBase"]
[SourceDate "2013.11.20"]
[SourceVersion "1"]
[SourceVersionDate "2013.11.20"]
[SourceQuality "1"]
[WhiteTeam "Hamburg Koenigsspringer"]
[BlackTeam "Bebenhausen"]
[WhiteTeamCountry "GER"]
[BlackTeamCountry "GER"]

1. e4 e6 2. d4 d5 3. Nc3 Bb4 4. Bd2 Nf6 5. e5 Bxc3 6. Bxc3 Ne4 7. Qg4 0-0 8. Bd3 f5 9. exf6 Qxf6 10. Nf3 Nxc3 11. bxc3 Nc6 12. 0-0 e5 13. Qh5 g6 14. dxe5 Qf4 15. Bxg6 hxg6 16. Qxg6+ Kh8 17. Ng5 Bf5 18. Nf7+ Rxf7 19. Qxf7 Nxe5 20. Qf6+ Kh7 21. Qe7+ Kh6 22. Qf6+ Kh7 23. Qe7+ Kg6 24. Rae1 Ng4 25. g3 Qc4 26. h4 Nf6 27. Re5 Rh8 28. Rfe1 Rh7 29. Qf8 Qg4 30. Re7 Rxe7 31. Qxe7 Be4 32. Rxe4 Qxe4 33. Qxc7 Qxc2 34. Qc8 b5 35. Qc5 Qxa2 36. f3 Qe2 37. g4 Qxf3 38. g5 Qg4+ 39. Kf1 Qxh4 40. gxf6 Qc4+ 0-1

[Event "GER-chT U20"]
[Site "Osnabrueck"]
[Date "2012.12.28"]
[Round "4.1"]
[White "Linnemann, Niklas"]
[Black "Borgmeyer, Max"]
[Result "1/2-1/2"]
[WhiteElo "1946"]
[BlackElo "2066"]
[PlyCount "41"]
[EventDate "2012.12.27"]
[EventType "team-swiss"]
[EventRounds "7"]
[EventCountry "GER"]
[SourceTitle "EXT 2014"]
[Source "ChessBase"]
[SourceDate "2013.11.20"]
[SourceVersion "1"]
[SourceVersionDate "2013.11.20"]
[SourceQuality "1"]
[WhiteTeam "Coswig 1920"]
[BlackTeam "Hamburg Koenigsspringer"]
[WhiteTeamCountry "GER"]
[BlackTeamCountry "GER"]

1. e4 c5 2. Nf3 d6 3. d4 cxd4 4. Nxd4 Nf6 5. Nc3 a6 6. Bg5 Nbd7 7. f4 Qc7 8. Qf3 h6 9. Bh4 g5 10. fxg5 hxg5 11. Bg3 g4 12. Qf2 Bh6 13. Bd3 b5 14. 0-0 Bb7 15. Rae1 Qc5 16. Nf5 Bg5 17. Nd5 Nxd5 18. exd5 Kd8 19. Qxc5 Nxc5 20. Be4 Nxe4 21. Rxe4 1/2-1/2

[Event "GER-chT U20"]
[Site "Osnabrueck"]
[Date "2012.12.27"]
[Round "2.1"]
[White "Tkachuk, Konstantyn"]
[Black "Borgmeyer, Max"]
[Result "1/2-1/2"]
[WhiteElo "2236"]
[BlackElo "2066"]
[PlyCount "90"]
[EventDate "2012.12.27"]
[EventType "team-swiss"]
[EventRounds "7"]
[EventCountry "GER"]
[SourceTitle "EXT 2014"]
[Source "ChessBase"]
[SourceDate "2013.11.20"]
[SourceVersion "1"]
[SourceVersionDate "2013.11.20"]
[SourceQuality "1"]
[WhiteTeam "Bochum SG"]
[BlackTeam "Hamburg Koenigsspringer"]
[WhiteTeamCountry "GER"]
[BlackTeamCountry "GER"]

1. e4 c5 2. Nf3 d6 3. d4 cxd4 4. Nxd4 Nf6 5. Nc3 a6 6. Bg5 Nbd7 7. f4 Qc7 8. Qf3 h6 9. Bxf6 Nxf6 10. h3 e6 11. Bd3 Be7 12. 0-0-0 b5 13. g4 Bb7 14. g5 Nd7 15. g6 Bf6 16. gxf7+ Kxf7 17. Nce2 Rhe8 18. Rhg1 Qc5 19. Nb3 Qb6 20. Ng3 Rg8 21. Kb1 Ke7 22. Qe2 g6 23. Rgf1 a5 24. e5 Nxe5 25. fxe5 Bxe5 26. Ne4 a4 27. Nbd2 a3 28. b3 d5 29. Qf2 Qd4 30. Qf7+ Kd8 31. Qxg8+ Kc7 32. Qf7+ Kb8 33. c3 Qxd3+ 34. Kc1 dxe4 35. Nb1 Qe3+ 36. Kc2 Ka7 37. Rfe1 Qxh3 38. Rd7 Rb8 39. Qf2+ Ka6 40. Qc5 Qf5 41. Red1 Rc8 42. R1d6+ Bxd6 43. Rxd6+ Bc6 44. Rxc6+ Rxc6 45. Qxc6+ Ka7 1/2-1/2

[Event "Rostock SSC 07 op 11th"]
[Site "Rostock"]
[Date "2012.08.05"]
[Round "7"]
[White "Pererva, Viktor"]
[Black "Borgmeyer, Max"]
[Result "1-0"]
[WhiteElo "1999"]
[BlackElo "2108"]
[PlyCount "55"]
[EventDate "2012.08.01"]
[EventType "swiss"]
[EventRounds "7"]
[EventCountry "GER"]
[SourceTitle "EXT 2017"]
[Source "ChessBase"]
[SourceDate "2016.10.25"]
[SourceVersion "1"]
[SourceVersionDate "2016.10.25"]
[SourceQuality "1"]

1. e4 c5 2. Nf3 d6 3. d4 cxd4 4. Nxd4 Nf6 5. Nc3 a6 6. Bg5 Nbd7 7. f4 Qc7 8. Bd3 b5 9. Qf3 Bb7 10. 0-0-0 e6 11. Rhe1 Be7 12. Nd5 Nxd5 13. exd5 Bxd5 14. Qxd5 exd5 15. Bxe7 Ne5 16. fxe5 dxe5 17. Nf5 f6 18. Be2 Kf7 19. Rxd5 Ke6 20. Rd6+ Kxf5 21. Bd3+ Kg5 22. Rxe5+ Kh6 23. Re3 Qb7 24. Rh3+ Kg5 25. Rg3+ Kh6 26. Bxf6 gxf6 27. Rxf6+ Kh5 28. Be2+ 1-0

[Event "Rostock SSC 07 op 11th"]
[Site "Rostock"]
[Date "2012.08.04"]
[Round "6"]
[White "Borgmeyer, Max"]
[Black "Hartmann, Thomas"]
[Result "1-0"]
[WhiteElo "2108"]
[BlackElo "2003"]
[PlyCount "37"]
[EventDate "2012.08.01"]
[EventType "swiss"]
[EventRounds "7"]
[EventCountry "GER"]
[SourceTitle "EXT 2017"]
[Source "ChessBase"]
[SourceDate "2016.10.25"]
[SourceVersion "1"]
[SourceVersionDate "2016.10.25"]
[SourceQuality "1"]

1. e4 d5 2. exd5 Nf6 3. Bb5+ Bd7 4. Be2 Nxd5 5. d4 Bf5 6. Nf3 e6 7. 0-0 Bd6 8. c4 Nf4 9. c5 Nxe2+ 10. Qxe2 Be7 11. Qb5+ Nd7 12. Qxb7 Rb8 13. Qxa7 Bd3 14. Re1 Ra8 15. Qb7 Rb8 16. Qc6 Bb5 17. Qe4 0-0 18. Nc3 f5 19. Qxe6+ 1-0

[Event "Rostock SSC 07 op 11th"]
[Site "Rostock"]
[Date "2012.08.03"]
[Round "5"]
[White "Stern, Rene"]
[Black "Borgmeyer, Max"]
[Result "1-0"]
[WhiteElo "2517"]
[BlackElo "2108"]
[PlyCount "55"]
[EventDate "2012.08.01"]
[EventType "swiss"]
[EventRounds "7"]
[EventCountry "GER"]
[SourceTitle "EXT 2017"]
[Source "ChessBase"]
[SourceDate "2016.10.25"]
[SourceVersion "1"]
[SourceVersionDate "2016.10.25"]
[SourceQuality "1"]

1. d4 Nf6 2. c4 e6 3. Nc3 Bb4 4. Bd2 Nc6 5. Nf3 0-0 6. Qc2 d6 7. a3 Bxc3 8. Bxc3 Qe7 9. e3 e5 10. d5 Nb8 11. Be2 a5 12. b3 Ng4 13. h3 Nh6 14. 0-0 Nd7 15. Nh2 Nc5 16. b4 Bf5 17. Qd1 Ne4 18. Be1 axb4 19. axb4 Ng5 20. Kh1 Bc2 21. Qc1 Rxa1 22. Qxa1 f5 23. Qa2 Be4 24. f3 f4 25. fxe4 Nxe4 26. Qb1 Ng3+ 27. Bxg3 fxg3 28. Rxf8+ 1-0

[Event "Rostock SSC 07 op 11th"]
[Site "Rostock"]
[Date "2012.08.01"]
[Round "2"]
[White "Jeske, Holger"]
[Black "Borgmeyer, Max"]
[Result "0-1"]
[WhiteElo "1916"]
[BlackElo "2108"]
[PlyCount "92"]
[EventDate "2012.08.01"]
[EventType "swiss"]
[EventRounds "7"]
[EventCountry "GER"]
[SourceTitle "EXT 2017"]
[Source "ChessBase"]
[SourceDate "2016.10.25"]
[SourceVersion "1"]
[SourceVersionDate "2016.10.25"]
[SourceQuality "1"]

1. e4 c5 2. b4 cxb4 3. d4 d5 4. e5 Nc6 5. Bd3 Nxd4 6. Bxh7 Rxh7 7. Qxd4 e6 8. Be3 Ne7 9. g4 Nc6 10. Qd3 Rh4 11. Nf3 Rxg4 12. Nbd2 d4 13. Bg5 Rxg5 14. Nxg5 Qxg5 15. Nf3 Qf5 16. 0-0-0 Qxd3 17. Rxd3 Bc5 18. Rg1 g6 19. Re1 Bd7 20. Ng5 Ke7 21. f4 Rh8 22. Rh3 Rxh3 23. Nxh3 Na5 24. Nf2 Nc4 25. Nd3 b6 26. h4 Ne3 27. h5 gxh5 28. Rh1 Ba4 29. Ne1 d3 30. cxd3 Nf5 31. Rxh5 Be3+ 32. Kb1 Bxf4 33. Nf3 Bd1 34. Rh3 Bxf3 35. Rxf3 Bxe5 36. Kc1 a5 37. Kd2 Bc3+ 38. Kd1 a4 39. Rh3 Nd4 40. Kc1 f5 41. Rh7+ Kd6 42. Ra7 a3 43. Ra6 Kc6 44. Ra8 f4 45. Kb1 f3 46. Rf8 Nf5 0-1

[Event "GER-chT Nord-West U20 1112"]
[Site "Germany"]
[Date "2012.05.12"]
[Round "8.1"]
[White "Borgmeyer, Max"]
[Black "Rosenburg, Hauke"]
[Result "1-0"]
[WhiteElo "2070"]
[BlackElo "1779"]
[PlyCount "113"]
[EventDate "2011.09.24"]
[EventType "team-tourn"]
[EventRounds "9"]
[EventCountry "GER"]
[SourceTitle "EXT 2015"]
[Source "ChessBase"]
[SourceDate "2014.11.20"]
[SourceVersion "1"]
[SourceVersionDate "2014.11.20"]
[SourceQuality "1"]

1. e4 c6 2. d4 d5 3. exd5 cxd5 4. Bd3 Nf6 5. Bf4 Nc6 6. c3 Qb6 7. Qb3 Qxb3 8. axb3 Nh5 9. Be3 e6 10. Na3 Bd7 11. Nb5 Rc8 12. Be2 Nf6 13. Bf4 a6 14. Nd6+ Bxd6 15. Bxd6 Ne4 16. Bf4 0-0 17. Nf3 f6 18. 0-0 g5 19. Be3 Be8 20. Nd2 Nxd2 21. Bxd2 Bg6 22. Bg4 Rce8 23. Rfe1 Kf7 24. f4 h5 25. Be2 gxf4 26. Bxf4 e5 27. dxe5 fxe5 28. Bh6 Rh8 29. Rf1+ Kg8 30. Bg5 Rf8 31. Rxf8+ Kxf8 32. Rf1+ Ke8 33. Rf6 Be4 34. Bxa6 bxa6 35. Rxc6 Kd7 36. Rxa6 Rb8 37. b4 Bd3 38. Ra7+ Kc6 39. Be7 Rb7 40. Rxb7 Kxb7 41. Bf6 e4 42. Kf2 Kc6 43. h3 Kd6 44. g4 hxg4 45. hxg4 Ke6 46. Bd4 Kf7 47. Ke3 Kg6 48. Kf4 Bc4 49. Ke5 Kg5 50. b3 Bxb3 51. b5 Ba4 52. b6 Bc6 53. Kd6 Ba8 54. Kc7 Kxg4 55. b7 Bxb7 56. Kxb7 Kf3 57. Kc6 1-0